Plus ou moins de 100m? - Mort Subite - Statistiques

Statistiques générales
  • Ce quiz a été pris 175 fois
  • Le résultat moyen est 3 sur 10
Answers on the Grid
Answers color-coded by a green-red scale on the quiz's grid according to % correct below.
Record du lancer de Javelot
Arc de Triomphe
Plus grand Séquoia
Record du lancer de Disque
Taille du plus grand avion de ligne
Tour Montparnasse
Titanic
Largeur du Vatican
1er étage de la Tour Eiffel
Christ Rédempteur de Rio
2ème étage de la Tour Eiffel
Plus haut sommet de Mayotte
Plus grande méduse
Plus haute Église mondiale
Statue de la Liberté
Phare d'Alexandrie (à son existence)
Plus haut sommet des Maldives
Grotte de Lascaux
Plus haut geyser
Longueur totale d'un diplodocus
 
Statistiques - réponses
Réponse % Correct
Plus grand Séquoia
60%
Tour Montparnasse
49%
Titanic
45%
Largeur du Vatican
31%
2ème étage de la Tour Eiffel
30%
Phare d'Alexandrie (à son existence)
16%
Plus haute Église mondiale
16%
Grotte de Lascaux
12%
Plus haut sommet de Mayotte
12%
Plus haut geyser
9%
Aucun quiz correspondant
Distribution des résultats
% des personnes avec chaque résultat
Percentile par nombre de réponses
Votre historique - résultats
Vous n’avez pas pris ce quiz